Gemeinden von Klagenfurt-Land - Statistiken

Allgemein
  • Dieses Quiz wurde 172 mal gespielt
  • Das Durchschnittsergebnis liegt bei 11 aus 19
Antwortstatistiken
Einwohner Gemeinde % Korrekt
7.105 Ferlach
84%
3.846 Maria Saal
84%
2.810 Pörtschach am Wörther See
84%
8.005 Ebenthal in Kärnten
71%
3.418 Krumpendorf am Wörthersee
65%
1.606 Maria Wörth
65%
2.918 Grafenstein
61%
2.445 Keutschach am See
57%
2.590 Maria Rain
57%
3.052 Köttmannsdorf
53%
601 Zell
53%
3.215 Poggersdorf
49%
2.498 Feistritz in Kärnten
47%
3.477 Magdalensberg
45%
4.476 Moosburg
45%
1.103 St. Margarethen im Rosental
45%
2.667 Schiefling am Wörther See
43%
1.782 Ludmannsdorf
41%
2.186 Techelsberg am Wörther See
29%
Keine übereinstimmenden Quizze gefunden
Verteilung der Resultate
Anzahl Personen mit jedem Resultat
Perzentil nach korrekt beantworteten Fragen
Ihre Resultats-Entwicklung
Sie haben dieses Quiz noch nicht gespielt